000 00273nas a2200121Ia 4500
008 150201s2012 xx 000 0 und d
245 _aANNALS OF ANATOMY
260 _c2012
310 _aBio-Monthly
500 _aINTERNATIONAL
650 _aHuman Anatomy
942 _2ddc
_cLJ
999 _c6224
_d6224